| 000 | 00589nam a22001937a 4500 | ||
|---|---|---|---|
| 003 | OSt | ||
| 005 | 20260415063859.0 | ||
| 008 | 260415b |||||||| |||| 00| 0 eng d | ||
| 020 | _a971-27-0950-7 | ||
| 040 |
_aDWCL - Main Lib. _cOC |
||
| 082 | _aRes. 899.2104 Y68 2000 | ||
| 100 |
_aAruta, Ventura S. _eEditor |
||
| 245 |
_aYoungblood 2.0 / _cVentura S. Aruta and Ruel S. De Vera |
||
| 260 |
_aPasig City : _bAnvil Publishing, _cc2000. |
||
| 300 |
_a232 p. ; _c22 cm. |
||
| 650 | _a1. Philippine essays (English). | ||
| 700 |
_aI. De Vera, Ruel S. _eEditor |
||
| 942 |
_2ddc _cBK-0 CIRC _n0 |
||
| 999 |
_c9457 _d9457 |
||